Central Library OPAC University of Rajshahi

Assessing student learning in Africa / (Record no. 66339)

MARC details
000 -LEADER
fixed length control field 00973nam a2200289 a 4500
001 - CONTROL NUMBER
control field 66339
003 - CONTROL NUMBER IDENTIFIER
rucl marc code BD-RjUL
005 - DATE AND TIME OF LATEST TRANSACTION
control field 20211209081527.0
008 - FIXED-LENGTH DATA ELEMENTS--GENERAL INFORMATION
fixed length control field 170315s2004 dcu b i001 0 eng
020 ## - INTERNATIONAL STANDARD BOOK NUMBER
International Standard Book Number 0821358499
035 ## - SYSTEM CONTROL NUMBER
System control number (BD-RjUL)66469
040 ## - CATALOGING SOURCE
Original cataloging agency DLC
Transcribing agency DLC
Modifying agency BD-RjUL
Language of cataloging eng
041 ## - LANGUAGE CODE
Language code of text/sound track or separate title eng
082 00 - DEWEY DECIMAL CLASSIFICATION NUMBER
Classification number 371.26096
Edition number 23
Author mark and year KEA 2004
100 1# - MAIN ENTRY--PERSONAL NAME
Personal name Kellaghan, Thomas.
9 (RLIN) 196333
245 10 - TITLE STATEMENT
Title Assessing student learning in Africa /
Statement of responsibility, etc. Thomas Kellaghan and Vincent Greaney.
260 ## - PUBLICATION, DISTRIBUTION, ETC. (IMPRINT)
Place of publication, distribution, etc. Washington, D.C. :
Name of publisher, distributor, etc. World Bank,
Date of publication, distribution, etc. c2004.
300 ## - PHYSICAL DESCRIPTION
Pagination xiv, 81 p. ;
Size 23 cm.
490 1# - SERIES STATEMENT
Series statement Directions in development
504 ## - BIBLIOGRAPHY, ETC. NOTE
Bibliography, etc Includes bibliographical references and index.
650 #0 - SUBJECT ADDED ENTRY--TOPICAL TERM
Topical term or geographic name as entry element Educational evaluation
Geographic subdivision Africa
Form subdivision Case studies.
9 (RLIN) 196334
Topical term or geographic name as entry element Educational tests and measurements
Geographic subdivision Africa
Form subdivision Case studies.
9 (RLIN) 196335
700 1# - ADDED ENTRY--PERSONAL NAME
Personal name Greaney, Vincent.
830 #0 - SERIES ADDED ENTRY--UNIFORM TITLE
Uniform title Directions in development
942 ## - ADDED ENTRY ELEMENTS (KOHA)
Source of classification or shelving scheme Dewey Decimal Classification
Koha item type Books
Holdings
Lost status Source of classification or shelving scheme Damaged status Not for loan Collection code Permanent Location Current Location Shelving location Date acquired Source of acquisition Total Checkouts Full call number Date last seen Copy number Koha item type
  Dewey Decimal Classification   Not For Loan Non-fiction Central Library, University of Rajshahi Central Library, University of Rajshahi Reading Room 21/04/2007 Japan Foundation   371.26096 KEA 2004 15/03/2017 C-1 Books